[Event "Seville op 49th"]
[Site "Seville"]
[Date "2024.01.13"]
[Round "2"]
[White "Auvray, Honorine"]
[Black "Kaasen, Tor Fredrik"]
[Result "0-1"]
[WhiteElo "2003"]
[BlackElo "2468"]
[PlyCount "68"]
[EventDate "2024.01.12"]
[EventType "swiss"]
[EventRounds "9"]
[EventCountry "ESP"]
[SourceTitle "CB04_2024"]
[SourceDate "2023.10.16"]
[SourceVersion "1"]
[SourceVersionDate "2023.10.16"]
[SourceQuality "1"]

1. c4 e5 2. Nc3 d6 3. g3 Be7 4. Bg2 f5 5. e3 Nf6 6. d4 0-0 7. Nge2 c6 8. 0-0 Be6 9. b3 Bf7 10. Bb2 Nbd7 11. Rc1 e4 12. h3 d5 13. c5 Kh8 14. b4 g5 15. b5 Qc7 16. Qb3 Nh5 17. Rb1 f4 18. exf4 gxf4 19. Nxf4 Nxf4 20. gxf4 Bh5 21. Nxd5 cxd5 22. Qxd5 Bg6 23. Qe6 Bf6 24. c6 Nb6 25. d5 Bxb2 26. Rxb2 Rae8 27. d6 Rxe6 28. dxc7 bxc6 29. Rc1 Rc8 30. Rb4 Rxc7 31. Rc5 Nd5 32. Rbc4 Nxf4 33. bxc6 Nxg2 34. Kxg2 Be8 0-1

[Event "FRA-chT Top 12 (Women) GpB"]
[Site "Mulhouse"]
[Date "2023.05.19"]
[Round "2.2"]
[White "Diez, Agathe"]
[Black "Auvray, Honorine"]
[Result "0-1"]
[WhiteElo "1902"]
[BlackElo "2028"]
[PlyCount "194"]
[EventDate "2023.05.18"]
[EventType "team-tourn"]
[EventRounds "5"]
[EventCountry "FRA"]
[SourceTitle "CBM 214 Extra"]
[Source "ChessBase"]
[SourceDate "2023.07.31"]
[SourceVersion "1"]
[SourceVersionDate "2023.07.31"]
[SourceQuality "1"]
[WhiteTeam "Bordeaux d'Aquitaine (W)"]
[BlackTeam "Tour de Juvisy (W)"]
[WhiteTeamCountry "FRA"]
[BlackTeamCountry "FRA"]

1. e4 c5 2. Nc3 Nc6 3. Nge2 g6 4. g3 Bg7 5. Bg2 d6 6. d3 e5 7. 0-0 Nge7 8. Bg5 h6 9. Be3 0-0 10. Qd2 Kh7 11. h3 Nd4 12. f4 exf4 13. Nxf4 Rb8 14. Rab1 Nec6 15. Ncd5 b5 16. c3 Ne6 17. Kh2 b4 18. Ne2 Ba6 19. c4 Ned4 20. Nxd4 Nxd4 21. Rf2 Bb7 22. Rbf1 Bxd5 23. cxd5 Qe7 24. Qc1 a5 25. Bf3 Rbc8 26. Qc4 Nxf3+ 27. Rxf3 Bxb2 28. Qa6 Rc7 29. R3f2 Ra7 30. Qb6 Be5 31. Bf4 Bxf4 32. Rxf4 Qc7 33. Qc6 Kg7 34. Rf6 Qxc6 35. dxc6 Rd8 36. g4 a4 37. Kg2 Rc7 38. h4 b3 39. axb3 axb3 40. g5 hxg5 41. hxg5 d5 42. exd5 Rxd5 43. R6f3 Rxg5+ 44. Kh3 Rf5 45. Rxf5 gxf5 46. Rb1 Rxc6 47. Rxb3 Kf6 48. Rc3 Ke5 49. Rc4 Kd5 50. Rf4 Rh6+ 51. Kg3 Rg6+ 52. Kf3 Rg5 53. Kf2 f6 54. Kf3 Rh5 55. Kg3 Rh1 56. Kf2 Rh2+ 57. Ke3 Rh3+ 58. Ke2 Ke5 59. Rc4 Rh2+ 60. Kf3 Kd5 61. Rf4 Rc2 62. Ke3 Ke5 63. Ra4 f4+ 64. Kf3 f5 65. d4+ cxd4 66. Ra5+ Kf6 67. Kxf4 Rf2+ 68. Kg3 Re2 69. Rd5 Re4 70. Kf3 Ke6 71. Rd8 Kf6 72. Rd5 Kg5 73. Rd8 Kf6 74. Rd5 Rg4 75. Rd8 Ke5 76. Rd7 Rg6 77. Ke2 Rg3 78. Kf2 Ra3 79. Rd8 Ke4 80. Ke2 Ra2+ 81. Ke1 d3 82. Re8+ Kf3 83. Rd8 Re2+ 84. Kd1 f4 85. Rxd3+ Re3 86. Rd8 Kg2 87. Kd2 Re5 88. Rg8+ Kf2 89. Rf8 Rd5+ 90. Kc3 f3 91. Kc4 Rd6 92. Kc5 Rd7 93. Kc4 Ke2 94. Re8+ Kf1 95. Rf8 f2 96. Kc3 Rg7 97. Kd2 Kg2 0-1

[Event "Wch U20 Girls 36th"]
[Site "Manavgat"]
[Date "2018.09.13"]
[Round "9"]
[White "Can, Isil"]
[Black "Auvray, Honorine"]
[Result "0-1"]
[WhiteElo "1798"]
[BlackElo "2050"]
[PlyCount "102"]
[EventDate "2018.09.05"]
[EventType "swiss"]
[EventRounds "11"]
[EventCountry "TUR"]
[SourceTitle "CBM 186 Extra"]
[Source "ChessBase"]
[SourceDate "2018.08.24"]
[SourceVersion "1"]
[SourceVersionDate "2018.08.24"]
[SourceQuality "1"]

1. e4 c5 2. Nf3 Nc6 3. d4 cxd4 4. Nxd4 Nf6 5. Nc3 d6 6. Bg5 e6 7. Qd2 a6 8. 0-0-0 Nxd4 9. Qxd4 Be7 10. f4 b5 11. Bxf6 gxf6 12. e5 d5 13. Kb1 Bb7 14. f5 fxe5 15. Qxe5 Bf6 16. Qg3 Bh4 17. Qh3 Bc8 18. g4 Qg5 19. Qf3 0-0 20. Bd3 Bd7 21. Ne2 Kh8 22. Rhg1 Rg8 23. Nf4 a5 24. Ng2 Qxg4 25. Qxg4 Rxg4 26. h3 Rd4 27. c3 Rxd3 28. Rxd3 Rg8 29. Rdd1 Bf2 30. Rgf1 Rxg2 31. Rd2 Kg7 32. Rdxf2 Rxf2 33. Rxf2 e5 34. f6+ Kg6 35. h4 Bf5+ 36. Kc1 Kxf6 37. Kd2 Ke6 38. Rg2 Bg6 39. Rg5 f6 40. Rg2 e4 41. Ke3 Ke5 42. Rg4 f5 43. Rg5 Bf7 44. a3 h6 45. Rg7 f4+ 46. Kf2 e3+ 47. Ke1 Bh5 48. Rh7 f3 49. Rxh6 f2+ 50. Kf1 Bg4 51. Kg2 Bh3+ 0-1

[Event "Wch U20 Girls 36th"]
[Site "Manavgat"]
[Date "2018.09.12"]
[Round "8"]
[White "Auvray, Honorine"]
[Black "Kyrkjebo, Hannah Bakken"]
[Result "1-0"]
[WhiteElo "2050"]
[BlackElo "1947"]
[PlyCount "119"]
[EventDate "2018.09.05"]
[EventType "swiss"]
[EventRounds "11"]
[EventCountry "TUR"]
[SourceTitle "CBM 186 Extra"]
[Source "ChessBase"]
[SourceDate "2018.08.24"]
[SourceVersion "1"]
[SourceVersionDate "2018.08.24"]
[SourceQuality "1"]

1. d4 Nf6 2. Bf4 e6 3. e3 c5 4. c3 Be7 5. Nd2 b6 6. h3 Bb7 7. Ngf3 0-0 8. Bd3 d5 9. 0-0 Nbd7 10. Ne5 Ne4 11. f3 Nxd2 12. Qxd2 f6 13. Nxd7 Qxd7 14. Rfe1 f5 15. Rad1 c4 16. Bc2 Bd6 17. Bxd6 Qxd6 18. e4 fxe4 19. fxe4 Rae8 20. Qe2 Qd7 21. Qg4 Rd8 22. exd5 Bxd5 23. Re5 Rf6 24. Rde1 Qf7 25. b3 b5 26. Qh4 g6 27. Be4 Rd7 28. Bxd5 Rxd5 29. bxc4 bxc4 30. Qe4 Rd6 31. Rc5 Rd8 32. Rxc4 Rf8 33. Kh2 Rf2 34. a4 Re8 35. Rc6 Rb8 36. Qe5 Rf8 37. Qxe6 Qxe6 38. Rcxe6 Rc2 39. Rc6 Rff2 40. Rg1 Rfd2 41. Rc7 a5 42. Kh1 Rb2 43. Ra7 Rdc2 44. d5 Rb6 45. Rxa5 Rxc3 46. Rd1 Rd6 47. Kh2 Ra3 48. Ra7 Kf8 49. Rb1 Re3 50. Rxh7 Kg8 51. Rc7 Re8 52. Rb5 Red8 53. a5 g5 54. Kg3 R8d7 55. Rxd7 Rxd7 56. a6 Kf8 57. Rb8+ Ke7 58. Rb7 Kd6 59. Rxd7+ Kxd7 60. a7 1-0

[Event "Wch U20 Girls 36th"]
[Site "Manavgat"]
[Date "2018.09.06"]
[Round "2"]
[White "Auvray, Honorine"]
[Black "Ghukasyan, Siranush"]
[Result "0-1"]
[WhiteElo "2050"]
[BlackElo "2205"]
[PlyCount "124"]
[EventDate "2018.09.05"]
[EventType "swiss"]
[EventRounds "11"]
[EventCountry "TUR"]
[SourceTitle "CBM 186 Extra"]
[Source "ChessBase"]
[SourceDate "2018.08.24"]
[SourceVersion "1"]
[SourceVersionDate "2018.08.24"]
[SourceQuality "1"]

1. d4 d5 2. Bf4 Nf6 3. e3 e6 4. Nd2 c5 5. c3 Nc6 6. Ngf3 Bd6 7. Bg3 0-0 8. Bd3 b6 9. Qe2 Bb7 10. Rd1 Re8 11. e4 Be7 12. e5 Nh5 13. a3 c4 14. Bb1 g6 15. Nf1 b5 16. Ne3 a5 17. Ng4 b4 18. Qe3 bxc3 19. bxc3 a4 20. Bf4 Bc8 21. Nh6+ Kg7 22. g4 Nxf4 23. Qxf4 Rf8 24. g5 Bxa3 25. Qh4 Be7 26. Ng4 Rh8 27. Nf6 h5 28. Qf4 a3 29. Ba2 Rb8 30. 0-0 Qa5 31. Qe3 Qc7 32. Nh4 Ba6 33. Rd2 Bb5 34. Ng2 Ba4 35. Nf4 Qa5 36. Qf3 Rb7 37. Kh1 Na7 38. Bb1 Rhb8 39. N6xh5+ gxh5 40. Nxh5+ Kf8 41. g6 Bg5 42. g7+ Ke7 43. Bh7 Bxd2 44. Qf6+ Kd7 45. Qxf7+ Kc6 46. Qxe6+ Kb5 47. Bg6 Qd8 48. Rb1+ Bb3 49. Rxb3+ cxb3 50. g8Q Rb6 51. Bd3+ Ka5 52. Qxd5+ Qxd5+ 53. Qxd5+ Rb5 54. Qd7 R8b7 55. Qd8+ Ka4 56. Bxb5+ Rxb5 57. Qd7 a2 58. Qxa7+ Ra5 59. Qd7+ Ka3 60. Qd6+ Kb2 61. e6 a1Q+ 62. Kg2 Rxh5 0-1

[Event "Wch U20 Girls 35th"]
[Site "Tarvisio"]
[Date "2017.11.14"]
[Round "2"]
[White "Wagner, Dinara"]
[Black "Auvray, Honorine"]
[Result "1/2-1/2"]
[WhiteElo "2295"]
[BlackElo "1987"]
[PlyCount "99"]
[EventDate "2017.11.13"]
[EventType "swiss"]
[EventRounds "11"]
[EventCountry "ITA"]
[SourceTitle "CBM 181 Extra"]
[Source "ChessBase"]
[SourceDate "2017.12.12"]
[SourceVersion "1"]
[SourceVersionDate "2017.12.12"]
[SourceQuality "1"]

1. d4 Nf6 2. c4 c5 3. d5 e6 4. Nc3 exd5 5. cxd5 d6 6. Nf3 a6 7. a4 Qe7 8. h3 g6 9. Bf4 Nbd7 10. e3 Bg7 11. Be2 0-0 12. 0-0 Nh5 13. Bh2 f5 14. Nd2 Nhf6 15. Nc4 Ne8 16. a5 Ne5 17. Nb6 Rb8 18. Qd2 Nf6 19. Rab1 Nfd7 20. Nxc8 Rbxc8 21. e4 c4 22. Rbe1 Qd8 23. exf5 gxf5 24. Na4 c3 25. Nxc3 Qxa5 26. Kh1 Nb6 27. Bxe5 dxe5 28. Rd1 Rcd8 29. d6 Qc5 30. Qg5 Rf6 31. f4 h6 32. Qh5 Kh7 33. Bd3 Rdf8 34. fxe5 Qxe5 35. Rde1 Qg3 36. Qf3 Qxd6 37. Rd1 Qc7 38. Qh5 Qf7 39. Qh4 Kh8 40. Ne2 f4 41. Be4 Qe8 42. Bf3 Nc4 43. Nc3 Ne3 44. Rfe1 Re6 45. Rc1 b5 46. Nd5 Nxd5 47. Bxd5 Re3 48. Red1 Qe5 49. Rc6 Qg5 50. Qxg5 1/2-1/2

[Event "Wch U20 Girls 35th"]
[Site "Tarvisio"]
[Date "2017.11.13"]
[Round "1"]
[White "Auvray, Honorine"]
[Black "Tokhirjonova, Gulruhbegim"]
[Result "1/2-1/2"]
[WhiteElo "1987"]
[BlackElo "2306"]
[PlyCount "112"]
[EventDate "2017.11.13"]
[EventType "swiss"]
[EventRounds "11"]
[EventCountry "ITA"]
[SourceTitle "CBM 181 Extra"]
[Source "ChessBase"]
[SourceDate "2017.12.12"]
[SourceVersion "1"]
[SourceVersionDate "2017.12.12"]
[SourceQuality "1"]

1. d4 d5 2. Bf4 Nf6 3. e3 e6 4. Nd2 c5 5. c3 Nc6 6. Ngf3 Be7 7. h3 Bd6 8. Ne5 Bxe5 9. dxe5 Nd7 10. Qg4 g6 11. Nf3 Qb6 12. Rb1 d4 13. Bd3 dxe3 14. fxe3 0-0 15. 0-0 c4 16. Be4 Ndxe5 17. Nxe5 Nxe5 18. Qg3 Nd7 19. Bd6 Re8 20. Rxf7 Kxf7 21. Rf1+ Kg7 22. Be5+ Nxe5 23. Qxe5+ Kg8 24. Bxg6 hxg6 25. Rf6 Re7 26. Rxg6+ Kf8 27. Rg4 Ke8 28. Qh8+ Kd7 29. Rd4+ Qxd4 30. Qxd4+ Ke8 31. Qh8+ Kd7 32. Qd4+ Kc7 33. Qxc4+ Kd8 34. Qg4 a5 35. Qd4+ Rd7 36. Qf6+ Kc7 37. Qe5+ Rd6 38. Qc5+ Kd7 39. Qb5+ Rc6 40. h4 b6 41. Qe5 Rc5 42. Qg7+ Kd6 43. Qf8+ Kc7 44. g4 Rc4 45. Kf2 Rb8 46. Qg7+ Bd7 47. b3 Rc5 48. h5 Kd6 49. Qd4+ Rd5 50. Qf4+ e5 51. Qf6+ Be6 52. h6 Rd1 53. Kg2 Kd7 54. Qg7+ Kd6 55. Qf6 Kd7 56. Qg7+ Kd6 1/2-1/2

[Event "FRA-ch U20"]
[Site "Belfort"]
[Date "2017.04.18"]
[Round "4"]
[White "Lever, Erwan"]
[Black "Auvray, Honorine"]
[Result "1/2-1/2"]
[WhiteElo "2129"]
[BlackElo "1953"]
[PlyCount "67"]
[EventDate "2017.04.16"]
[EventType "swiss"]
[EventRounds "9"]
[EventCountry "FRA"]
[SourceTitle "CBM 177 Extra"]
[Source "ChessBase"]
[SourceDate "2017.04.27"]
[SourceVersion "1"]
[SourceVersionDate "2017.04.27"]
[SourceQuality "1"]

1. Nf3 g6 2. g3 Bg7 3. Bg2 e5 4. d3 Ne7 5. 0-0 d6 6. e4 0-0 7. c3 Nd7 8. Nbd2 h6 9. a4 f5 10. Nc4 fxe4 11. dxe4 Nc5 12. Qe2 Be6 13. b4 Nxa4 14. Rxa4 b5 15. Nxd6 cxd6 16. Qxb5 Bd7 17. Qc4+ d5 18. exd5 Bxa4 19. d6+ Kh7 20. dxe7 Qxe7 21. Qa6 Qd7 22. Qe2 Rae8 23. Qe3 Bc6 24. h4 Qb7 25. Ne1 Bxg2 26. Nxg2 Rf3 27. Qe1 e4 28. Be3 Qc7 29. Nf4 Be5 30. Qd2 Bxc3 31. Rc1 Qxf4 32. Rxc3 Qe5 33. Rc5 Qg7 34. Bf4 1/2-1/2

[Event "Wch U18 Girls"]
[Site "Khanty-Mansiysk"]
[Date "2016.09.26"]
[Round "5"]
[White "Oljobai Kyzy, Alisa"]
[Black "Auvray, Honorine"]
[Result "0-1"]
[WhiteElo "1672"]
[BlackElo "1961"]
[PlyCount "100"]
[EventDate "2016.09.22"]
[EventType "swiss"]
[EventRounds "11"]
[EventCountry "RUS"]
[SourceTitle "EXT 2017"]
[Source "ChessBase"]
[SourceDate "2016.10.25"]
[SourceVersion "1"]
[SourceVersionDate "2016.10.25"]
[SourceQuality "1"]

1. e4 g6 2. d4 Bg7 3. Nc3 d6 4. Be3 a6 5. Qd2 b5 6. a3 Nf6 7. f3 c6 8. Bh6 Bxh6 9. Qxh6 Nbd7 10. 0-0-0 Qc7 11. Nge2 Bb7 12. Qe3 a5 13. g4 Nb6 14. g5 Nfd7 15. Nf4 b4 16. Nb1 e5 17. Ng2 0-0 18. h4 Rfd8 19. h5 Nf8 20. f4 exf4 21. Nxf4 Qe7 22. hxg6 fxg6 23. Bd3 c5 24. Rde1 c4 25. Bf1 Re8 26. d5 Nbd7 27. Bxc4 Ne5 28. Bb5 Rec8 29. Nd2 Rc5 30. Bd3 bxa3 31. bxa3 a4 32. Kd1 Bc8 33. Rhg1 Rb8 34. Ke2 Bg4+ 35. Kf1 Qxg5 36. Ng2 Qe7 37. Qf4 Nfd7 38. Ne3 Rf8 39. Nf5 gxf5 40. exf5 Qg7 41. Be2 Rxf5 42. Qxf5 Bxf5 43. Rxg7+ Kxg7 44. c4 Nb6 45. Rc1 Nxd5 46. Nf3 Nxf3 47. Bxf3 Ne3+ 48. Kf2 Nxc4 49. Be2 Nxa3 50. Rxc5 dxc5 0-1

[Event "Wch U18 Girls"]
[Site "Khanty-Mansiysk"]
[Date "2016.09.23"]
[Round "2"]
[White "Auvray, Honorine"]
[Black "Khomeriki, Nino"]
[Result "0-1"]
[WhiteElo "1961"]
[BlackElo "2357"]
[PlyCount "46"]
[EventDate "2016.09.22"]
[EventType "swiss"]
[EventRounds "11"]
[EventCountry "RUS"]
[SourceTitle "EXT 2017"]
[Source "ChessBase"]
[SourceDate "2016.10.25"]
[SourceVersion "1"]
[SourceVersionDate "2016.10.25"]
[SourceQuality "1"]

1. d4 d5 2. Bf4 Nf6 3. e3 c5 4. c3 Nc6 5. Nd2 cxd4 6. exd4 Bf5 7. Ngf3 e6 8. Be2 h6 9. Ne5 Bd6 10. 0-0 0-0 11. Re1 Qc7 12. Bf1 Ne4 13. f3 Nxc3 14. bxc3 f6 15. Qe2 fxe5 16. Bxe5 Nxe5 17. dxe5 Ba3 18. Nb1 Qb6+ 19. Kh1 Bb2 20. Nd2 Bxa1 21. Rxa1 Qb2 22. Nb3 Qxc3 23. Rc1 Qb4 0-1

[Event "EU-ch U18 Girls 26th"]
[Site "Prague"]
[Date "2016.08.24"]
[Round "6"]
[White "Auvray, Honorine"]
[Black "Dai, Irmak"]
[Result "1-0"]
[WhiteElo "2042"]
[BlackElo "1806"]
[PlyCount "93"]
[EventDate "2016.08.18"]
[EventType "swiss"]
[EventRounds "9"]
[EventCountry "CZE"]
[SourceTitle "CBM 174 Extra"]
[Source "ChessBase"]
[SourceDate "2016.10.10"]
[SourceVersion "1"]
[SourceVersionDate "2016.10.10"]
[SourceQuality "1"]

1. e4 c5 2. Nf3 d6 3. Bb5+ Bd7 4. Bxd7+ Qxd7 5. 0-0 Nf6 6. Re1 Nc6 7. c3 g6 8. d4 cxd4 9. cxd4 Bg7 10. Nc3 0-0 11. h3 Rad8 12. d5 Na5 13. Qd3 Rc8 14. Nd4 Nc4 15. b3 Ne5 16. Qd2 Qc7 17. Bb2 Qa5 18. Rad1 Ned7 19. Kh1 a6 20. Qe3 Nb8 21. a3 b5 22. b4 Qc7 23. Rc1 Qb7 24. Nb3 Nfd7 25. Na5 Qb6 26. Qd2 Rc7 27. Nd1 Rfc8 28. Ne3 Bxb2 29. Qxb2 Ne5 30. Qd2 f6 31. Kh2 Nf7 32. f3 Nd8 33. Kh1 Nb7 34. Nb3 Nd7 35. f4 Qa7 36. Rxc7 Rxc7 37. Nd4 Nd8 38. Kh2 Nb6 39. Qd3 Nc4 40. Nec2 Qb7 41. Qg3 Qc8 42. h4 Nb2 43. h5 Kf7 44. hxg6+ hxg6 45. Qh4 Kg7 46. Re3 Rc3 47. Nf5+ 1-0

[Event "FRA-ch U18 Girls"]
[Site "Gonfreville"]
[Date "2016.??.??"]
[Round "6"]
[White "Chung, Mathilde"]
[Black "Auvray, Honorine"]
[Result "1/2-1/2"]
[WhiteElo "2094"]
[BlackElo "2119"]
[PlyCount "102"]
[EventDate "2016.04.22"]
[EventType "swiss"]
[EventRounds "9"]
[EventCountry "FRA"]
[SourceTitle "EXT 2019"]
[Source "ChessBase"]
[SourceDate "2018.10.10"]
[SourceVersion "1"]
[SourceVersionDate "2018.10.10"]
[SourceQuality "1"]

1. d4 g6 2. c4 Bg7 3. e4 c5 4. Nf3 Qa5+ 5. Nc3 Nc6 6. Be3 cxd4 7. Nxd4 Nf6 8. Nb3 Qd8 9. Be2 d6 10. 0-0 0-0 11. f3 b6 12. Nd4 Bb7 13. Rc1 Rc8 14. Qd2 Qd7 15. Rfd1 Rfd8 16. Ndb5 Ba8 17. Nd5 Qb7 18. Bf1 Ne8 19. Qf2 e6 20. Ndc3 Rd7 21. Rd2 Ne5 22. b3 Qb8 23. Rcd1 a6 24. Na4 axb5 25. cxb5 Re7 26. Nxb6 Rd8 27. a4 Nd7 28. a5 Nxb6 29. Bxb6 Rc8 30. Bc4 Rd7 31. a6 Bh6 32. Rd3 Nf6 33. Bd4 Bg7 34. b6 d5 35. Bxf6 Bxf6 36. b7 Bxb7 37. axb7 Qxb7 38. exd5 exd5 39. Bxd5 Qc7 40. Bc4 Rcd8 41. g3 Rxd3 42. Rxd3 Rxd3 43. Bxd3 Qd7 44. Qe2 Bc3 45. Kg2 Kg7 46. b4 Qd4 47. b5 Ba5 48. Qe4 Qd6 49. Bc4 Qd2+ 50. Kh3 Qh6+ 51. Kg2 Qd2+ 1/2-1/2

[Event "Agneaux St Lo op 17th"]
[Site "Agneaux"]
[Date "2015.07.09"]
[Round "6"]
[White "Auvray, Honorine"]
[Black "Bourdonnais, Loic"]
[Result "1/2-1/2"]
[WhiteElo "1910"]
[BlackElo "2229"]
[PlyCount "91"]
[EventDate "2015.07.03"]
[EventType "swiss"]
[EventRounds "9"]
[EventCountry "FRA"]
[SourceTitle "EXT 2016"]
[Source "ChessBase"]
[SourceDate "2015.10.08"]
[SourceVersion "1"]
[SourceVersionDate "2015.10.08"]
[SourceQuality "1"]

1. d4 d5 2. Bf4 c6 3. e3 e6 4. Nd2 f5 5. Ngf3 Nf6 6. Bd3 Be7 7. h3 a5 8. a4 Nbd7 9. 0-0 0-0 10. Ne5 Nxe5 11. Bxe5 b6 12. Qe2 Bb7 13. c3 Qc8 14. Bh2 Ba6 15. Nf3 Nd7 16. Rfe1 Bxd3 17. Qxd3 Bf6 18. Rac1 Re8 19. c4 Qa6 20. Qb3 Rac8 21. Nd2 Be7 22. Nf3 Bb4 23. Re2 c5 24. Rec2 Qb7 25. cxd5 Qxd5 26. Qxd5 exd5 27. b3 Nf6 28. dxc5 bxc5 29. Nd4 Ba3 30. Nxf5 Bxc1 31. Rxc1 Ne4 32. f3 g6 33. Nh6+ Kg7 34. fxe4 Kxh6 35. exd5 Kg5 36. Rc4 Kf5 37. Kf2 g5 38. e4+ Kf6 39. Kf3 h5 40. g4 hxg4+ 41. Kxg4 Re7 42. e5+ Rxe5 43. Bxe5+ Kxe5 44. d6 Kxd6 45. Kxg5 Rg8+ 46. Kf4 1/2-1/2

[Event "Agneaux St Lo op 17th"]
[Site "Agneaux"]
[Date "2015.07.06"]
[Round "3"]
[White "Auvray, Honorine"]
[Black "Poley, Vladimir"]
[Result "0-1"]
[WhiteElo "1910"]
[BlackElo "2266"]
[PlyCount "66"]
[EventDate "2015.07.03"]
[EventType "swiss"]
[EventRounds "9"]
[EventCountry "FRA"]
[SourceTitle "EXT 2016"]
[Source "ChessBase"]
[SourceDate "2015.10.08"]
[SourceVersion "1"]
[SourceVersionDate "2015.10.08"]
[SourceQuality "1"]

1. e4 g6 2. d4 Bg7 3. Nc3 c6 4. Be3 d5 5. Qd2 dxe4 6. Nxe4 Nf6 7. Nxf6+ Bxf6 8. Nf3 Nd7 9. Be2 Nb6 10. Bh6 Be6 11. 0-0 Nc4 12. Bxc4 Bxc4 13. Rfe1 Qb6 14. b3 Be6 15. Ne5 0-0-0 16. Rad1 Rhg8 17. c4 g5 18. Qc3 Qc7 19. Rc1 c5 20. d5 Bd7 21. Qe3 Qxe5 22. Qxe5 Bxe5 23. Rxe5 Rg6 24. Bxg5 f6 25. Rxe7 Rxg5 26. Rce1 h5 27. f4 Rg4 28. g3 h4 29. Kf2 Rh8 30. Rf7 hxg3+ 31. hxg3 Rh2+ 32. Kf3 Rg8 33. Rfe7 Rxa2 0-1

[Event "FRA-ch U18 Girls"]
[Site "Pau"]
[Date "2015.04.27"]
[Round "3"]
[White "Saliou, Sarah"]
[Black "Auvray, Honorine"]
[Result "1/2-1/2"]
[WhiteElo "1735"]
[BlackElo "1888"]
[PlyCount "49"]
[EventDate "2015.04.26"]
[EventType "swiss"]
[EventRounds "9"]
[EventCountry "FRA"]
[SourceTitle "CBM 166 Extra"]
[Source "ChessBase"]
[SourceDate "2015.06.18"]
[SourceVersion "1"]
[SourceVersionDate "2015.06.18"]
[SourceQuality "1"]

1. c4 e5 2. g3 Nf6 3. Bg2 d5 4. cxd5 Nxd5 5. Nf3 Nc6 6. 0-0 Be7 7. d4 exd4 8. Nxd4 Nxd4 9. Qxd4 Nf6 10. Qa4+ c6 11. Rd1 Qb6 12. Nc3 0-0 13. b3 Bc5 14. Qf4 Qb4 15. Qxb4 Bxb4 16. Bb2 Bf5 17. Rd4 Bc5 18. Rd2 Rfe8 19. Rad1 h6 20. h3 h5 21. e3 Kh7 22. Kf1 Re7 23. Kg1 Ree8 24. Kf1 Re7 25. Kg1 1/2-1/2

[Event "EU-ch U16 Girls 24th"]
[Site "Batumi"]
[Date "2014.10.23"]
[Round "5"]
[White "Auvray, Honorine"]
[Black "Wiesner, Paula"]
[Result "1-0"]
[WhiteElo "1799"]
[BlackElo "1985"]
[PlyCount "71"]
[EventDate "2014.10.19"]
[EventType "swiss"]
[EventRounds "9"]
[EventCountry "GEO"]
[SourceTitle "EXT 2015"]
[Source "ChessBase"]
[SourceDate "2014.11.20"]
[SourceVersion "1"]
[SourceVersionDate "2014.11.20"]
[SourceQuality "1"]

1. e4 e6 2. d4 d5 3. Nd2 Nc6 4. Ngf3 Nf6 5. e5 Nd7 6. c3 f6 7. Bb5 Be7 8. exf6 Bxf6 9. 0-0 0-0 10. Re1 Nb6 11. Nb3 Qd6 12. Bxc6 Qxc6 13. Nc5 Nc4 14. Nd3 Nd6 15. Nfe5 Qe8 16. Bf4 Qe7 17. f3 Bh4 18. Re2 b6 19. g3 Bg5 20. Qd2 Bxf4 21. Nxf4 Qg5 22. Nxd5 Qxd2 23. Ne7+ Kh8 24. Rxd2 Bb7 25. Rf1 Nf7 26. N5c6 Ng5 27. f4 Ne4 28. Re2 Nf6 29. b3 a5 30. b4 axb4 31. Nxb4 Ra3 32. Rc1 Nd5 33. Re3 c5 34. dxc5 bxc5 35. Nbc6 Nf6 36. Rc2 1-0

[Event "EU-ch U16 Girls 24th"]
[Site "Batumi"]
[Date "2014.10.20"]
[Round "2"]
[White "Narva, Mai"]
[Black "Auvray, Honorine"]
[Result "1-0"]
[WhiteElo "2210"]
[BlackElo "1799"]
[PlyCount "81"]
[EventDate "2014.10.19"]
[EventType "swiss"]
[EventRounds "9"]
[EventCountry "GEO"]
[SourceTitle "EXT 2015"]
[Source "ChessBase"]
[SourceDate "2014.11.20"]
[SourceVersion "1"]
[SourceVersionDate "2014.11.20"]
[SourceQuality "1"]

1. e4 c5 2. Nf3 e6 3. d4 cxd4 4. Nxd4 a6 5. Nc3 b5 6. Bd3 Qb6 7. Nf3 Qc7 8. 0-0 Bb7 9. Bd2 Nc6 10. a4 b4 11. Na2 Nf6 12. c3 bxc3 13. Bxc3 d5 14. Bxf6 dxe4 15. Bxg7 Bxg7 16. Bxe4 Ne5 17. Qe2 Bxe4 18. Qxe4 0-0 19. Rac1 Nxf3+ 20. Qxf3 Qa5 21. Nc3 Rac8 22. Qg4 Kh8 23. b4 Qe5 24. Ne2 f5 25. Qf3 Rxc1 26. Rxc1 Bh6 27. Rb1 Rd8 28. h3 Rd2 29. Kf1 Rb2 30. Rxb2 Qxb2 31. Qc3+ Qxc3 32. Nxc3 Bd2 33. Na2 Kg7 34. Ke2 Bf4 35. b5 axb5 36. a5 Bd6 37. a6 Bc5 38. Nb4 Kf6 39. Nc6 b4 40. Nxb4 e5 41. Nc6 1-0

[Event "Wch U16 Girls"]
[Site "Durban"]
[Date "2014.09.23"]
[Round "6"]
[White "Auvray, Honorine"]
[Black "Drogovoz, Maria"]
[Result "1/2-1/2"]
[WhiteElo "1799"]
[BlackElo "2167"]
[PlyCount "58"]
[EventDate "2014.09.20"]
[EventType "swiss"]
[EventRounds "11"]
[EventCountry "RSA"]
[SourceTitle "CBM 162 Extra"]
[Source "ChessBase"]
[SourceDate "2014.10.17"]
[SourceVersion "1"]
[SourceVersionDate "2014.10.17"]
[SourceQuality "1"]

1. e4 c5 2. Nf3 d6 3. d4 cxd4 4. Nxd4 Nf6 5. Nc3 a6 6. f3 e6 7. Be3 b5 8. Qd2 Nbd7 9. g4 h6 10. h4 Bb7 11. 0-0-0 b4 12. Na4 Qa5 13. b3 Nc5 14. a3 Nxa4 15. axb4 Qc7 16. bxa4 d5 17. e5 Nd7 18. f4 Nb6 19. Rh3 Nc4 20. Qc3 Rc8 21. Bxc4 Qxc4 22. Qxc4 Rxc4 23. Nb3 Bxb4 24. Rd4 Kd7 25. Rxc4 dxc4 26. Bc5 cxb3 27. Bxb4 bxc2 28. Kxc2 Be4+ 29. Kb2 Rc8 1/2-1/2

[Event "Andorra op 32nd"]
[Site "La Massana"]
[Date "2014.07.19"]
[Round "1"]
[White "Auvray, Honorine"]
[Black "Mikkelsen, Nikolaj"]
[Result "0-1"]
[WhiteElo "1987"]
[BlackElo "2443"]
[PlyCount "94"]
[EventDate "2014.07.19"]
[EventType "swiss"]
[EventRounds "9"]
[EventCountry "AND"]
[SourceTitle "CBM 161 Extra"]
[Source "ChessBase"]
[SourceDate "2014.08.29"]
[SourceVersion "1"]
[SourceVersionDate "2014.08.29"]
[SourceQuality "1"]

1. e4 c5 2. Nf3 d6 3. d4 cxd4 4. Nxd4 Nf6 5. Nc3 Nc6 6. f3 e6 7. Be3 Be7 8. Qd2 0-0 9. g4 Nd7 10. 0-0-0 a6 11. f4 Nxd4 12. Qxd4 b5 13. Kb1 Bb7 14. Rg1 Qa5 15. e5 b4 16. Ne2 Bd5 17. Nc1 dxe5 18. fxe5 Nxe5 19. Be2 Ng6 20. g5 Rac8 21. Qd3 Qc7 22. Rd2 a5 23. Bd4 e5 24. Be3 Rfd8 25. Qf5 Be6 26. Rxd8+ Rxd8 27. Qf2 Rc8 28. Bd3 Qc6 29. Nb3 a4 30. Nd2 Bd5 31. Qf5 a3 32. h4 axb2 33. h5 Qc3 34. Nb3 Be6 35. Qe4 Nf8 36. Bd2 Qc7 37. g6 f5 38. gxh7+ Kh8 39. Qg2 Bf6 40. Bxb4 Bxb3 41. axb3 Qa7 42. c3 e4 43. Bc4 Rd8 44. Rf1 Qa1+ 45. Kc2 Qa2 46. Rb1 Rd1 47. Rxb2 Qa1 0-1